000 00500cam a22001457a 4500
008 180718b1993 xxu||||| |||| 00| 0 eng d
082 _aT39 D921
245 _aDunkel report on the Uruguay round on multilateral trade negotiations : text and implications
_cedited by Anil Kumar and Sunil K. Garg
260 _aDelhi
_bAnupam
_c1993
300 _a334p.
650 _aInternational Trade
650 _aGeneral Agreement on Trde and Tarriffs ( GATT )
700 _aGarg, Sunil K.
700 _aAnil Kumar
999 _c362690
_d362690